000 00865nam a22003015b 4500
001 004374
003 DO-SdBNP
005 20180222152755.0
007 004374
008 950404s1994 sp | |||| ||spa
016 7 _a
_2BPMSU
017 _a
_bOficina Depósito Legal Madrid
020 _a8420448613
035 _a
040 _aBPMSU
_bspa
_cBPMSU
_e
080 0 _a
100 1 _aMolina, María Isabel
_d1941-
245 1 0 _aDe Victoria para Alejandro /
_h
_cMª Isabel Molina ; ilustraciones de Francisco Solé
250 _a
260 _aMadrid :
_bAlfaguara,
_c1994
300 _a135 p. :
_bil. ;
_c20 cm
490 1 _aInfantil-juvenil
700 1 1 _aSolé, Francisco
_d1952-
830 0 _aInfantil-juvenil (Ediciones Alfaguara)
942 _2ddc
_cBK
945 _aInventariado, 2018 / BT
956 _a VMATEO
_210
_320160421
_6BPMSU
_80069
999 _c9897
_d9897